[Event "Santiago de Compostela Bicapawn GP B4"]
[Site "Santiago de Compostela"]
[Date "2022.10.21"]
[Round "3"]
[White "Perez Carballo, David"]
[Black "Kuzubov, Yuriy"]
[Result "0-1"]
[WhiteElo "2021"]
[BlackElo "2612"]
[PlyCount "132"]
[EventDate "2022.10.21"]
[EventType "swiss (blitz)"]
[EventRounds "9"]
[EventCountry "ESP"]
[SourceTitle "CBM 210 Extra"]
[Source "ChessBase"]
[SourceDate "2022.11.30"]
[SourceVersion "1"]
[SourceVersionDate "2022.11.30"]
[SourceQuality "1"]

1. Nf3 d5 2. c4 d4 3. g3 g6 4. Bg2 Bg7 5. 0-0 Nf6 6. d3 0-0 7. b4 a5 8. b5 c5 9. bxc6 Nxc6 10. Na3 Nd7 11. Bb2 Nc5 12. Nb5 Bf5 13. Ba3 b6 14. Rb1 Rc8 15. Qc2 Nb8 16. Rb2 Nba6 17. Rfb1 Re8 18. Nh4 Bd7 19. Na7 Ba4 20. Qd2 Rc7 21. Nb5 Rd7 22. Bc6 e5 23. Bxd7 Qxd7 24. Bxc5 Nxc5 25. Na3 e4 26. Rxb6 e3 27. fxe3 Bh6 28. Qxa5 Bxe3+ 29. Kh1 Bc6+ 30. Rxc6 Qxc6+ 31. Nf3 Nxd3 32. Rb6 Qe4 33. Qb5 Ne1 34. Rb8 Rxb8 35. Qxb8+ Kg7 36. Qe5+ Qxe5 37. Nxe5 Bc1 38. Nb5 Nc2 39. Nd3 Bd2 40. a4 Kf6 41. Kg2 Ne3+ 42. Kf3 Nxc4 43. Ke4 Nb6 44. Nxd4 Nxa4 45. Nf3 Bc3 46. Nf4 Kg7 47. Nd5 Ba1 48. Nd4 Nc5+ 49. Ke3 h5 50. Nf3 f6 51. Nb4 g5 52. h3 Kg6 53. g4 h4 54. Nd3 Ne6 55. Nd2 Bc3 56. Ne4 Ba5 57. Nec5 Bb6 58. Ke4 Nxc5+ 59. Nxc5 Bxc5 60. Kd5 Ba3 61. e4 Bb2 62. Ke6 Kg7 63. Ke7 Be5 64. Ke6 Kf8 65. Kd7 Kf7 66. Kc6 Ke6 0-1

[Event "Lugo O Teu Xacobeo"]
[Site "Lugo"]
[Date "2022.10.14"]
[Round "7"]
[White "Perez Carballo, David"]
[Black "Rey Malde, Henrique"]
[Result "1/2-1/2"]
[WhiteElo "2021"]
[BlackElo "2294"]
[PlyCount "118"]
[EventDate "2022.10.09"]
[EventType "tourn"]
[EventRounds "9"]
[EventCountry "ESP"]
[EventCategory "3"]
[SourceTitle "CBM 210 Extra"]
[Source "ChessBase"]
[SourceDate "2022.11.30"]
[SourceVersion "1"]
[SourceVersionDate "2022.11.30"]
[SourceQuality "1"]

1. Nf3 c5 2. c4 Nc6 3. Nc3 e5 4. e3 Nf6 5. d4 e4 6. d5 exf3 7. dxc6 fxg2 8. cxd7+ Bxd7 9. Bxg2 g6 10. Bxb7 Rb8 11. Bg2 Bg7 12. Qd6 Qb6 13. Qxb6 Rxb6 14. 0-0 Be6 15. Nd5 Nxd5 16. cxd5 Bd7 17. Rb1 c4 18. b3 0-0 19. Ba3 Rfb8 20. Bc5 Rb5 21. b4 a5 22. a4 Rxb4 23. Bxb4 axb4 24. a5 b3 25. d6 Rb5 26. Rfc1 Rxa5 27. Rxc4 b2 28. Be4 Ra6 29. Rb4 Bf6 30. R4xb2 Bxb2 31. Rxb2 Rxd6 32. Kg2 Kg7 33. Rb3 Rf6 34. Rb7 Be6 35. Ra7 h5 36. h4 Bb3 37. Rb7 Bc4 38. Rc7 Be6 39. Kg3 Bf5 40. Bd5 Be6 41. Be4 Kf8 42. Ra7 Ke8 43. Bc6+ Kd8 44. Bg2 Bd7 45. e4 Rb6 46. Kf4 Be6 47. Bf3 Rb2 48. Ke3 Rb3+ 49. Kf4 Ke8 50. e5 Rb4+ 51. Kg3 Bb3 52. Rb7 Rxb7 53. Bxb7 Ke7 54. Kf4 f6 55. Be4 Bf7 56. Bd3 fxe5+ 57. Kxe5 Be8 58. Bc4 Bd7 59. Bd3 Kf7 1/2-1/2

[Event "Lugo O Teu Xacobeo"]
[Site "Lugo"]
[Date "2022.10.13"]
[Round "5"]
[White "Perez Carballo, David"]
[Black "Luque Saiz, Andres"]
[Result "1-0"]
[WhiteElo "2021"]
[BlackElo "2276"]
[PlyCount "95"]
[EventDate "2022.10.09"]
[EventType "tourn"]
[EventRounds "9"]
[EventCountry "ESP"]
[EventCategory "3"]
[SourceTitle "CBM 210 Extra"]
[Source "ChessBase"]
[SourceDate "2022.11.30"]
[SourceVersion "1"]
[SourceVersionDate "2022.11.30"]
[SourceQuality "1"]

1. Nf3 g6 2. g3 Bg7 3. Bg2 e5 4. 0-0 d5 5. d3 Ne7 6. e4 d4 7. Ne1 0-0 8. f4 Nbc6 9. Nf3 f5 10. Nxe5 Nxe5 11. fxe5 fxe4 12. Bxe4 Bxe5 13. Bg5 c6 14. Nd2 Bh3 15. Rxf8+ Qxf8 16. Qf3 Re8 17. Re1 Be6 18. Bxe7 Rxe7 19. Bxg6 Qh6 20. Rxe5 hxg6 21. Qf4 Qxf4 22. gxf4 Kf7 23. Nb3 Kf6 24. Nxd4 Bxa2 25. Rxe7 Kxe7 26. Kf2 c5 27. Nb5 a6 28. Nc3 Be6 29. Ne4 c4 30. Ke3 cxd3 31. Kxd3 Bc8 32. Kd4 Ke6 33. Kc5 b5 34. b4 Bb7 35. Ng3 Bf3 36. Kb6 Kd5 37. Kxa6 Kc4 38. Ka5 Bg4 39. Ne4 Bd7 40. Nd6+ Kc3 41. Nxb5+ Kxc2 42. Nd6 Kd3 43. b5 Ke3 44. b6 Bc6 45. f5 gxf5 46. Nxf5+ Kf4 47. Ng3 Bb7 48. h4 1-0

[Event "Lugo O Teu Xacobeo"]
[Site "Lugo"]
[Date "2022.10.09"]
[Round "1"]
[White "Perez Carballo, David"]
[Black "Sousa, Andre Ventura"]
[Result "0-1"]
[WhiteElo "2021"]
[BlackElo "2469"]
[PlyCount "98"]
[EventDate "2022.10.09"]
[EventType "tourn"]
[EventRounds "9"]
[EventCountry "ESP"]
[EventCategory "3"]
[SourceTitle "CBM 210 Extra"]
[Source "ChessBase"]
[SourceDate "2022.11.30"]
[SourceVersion "1"]
[SourceVersionDate "2022.11.30"]
[SourceQuality "1"]

1. Nf3 Nf6 2. g3 d5 3. Bg2 c6 4. 0-0 Bg4 5. b3 e6 6. Bb2 Nbd7 7. c4 Bd6 8. d3 0-0 9. Nbd2 Re8 10. Qc2 e5 11. e4 dxe4 12. Nxe4 Nxe4 13. dxe4 Qf6 14. Ne1 Qe7 15. f3 Be6 16. Nd3 f6 17. Rad1 Nc5 18. Nf2 a5 19. Rd2 Na6 20. Kh1 Bb4 21. Rd3 a4 22. Rfd1 Nc5 23. Re3 Red8 24. Nd3 Nxd3 25. Rexd3 Rxd3 26. Qxd3 a3 27. Ba1 Re8 28. h4 Qc5 29. Qe2 Qb6 30. f4 exf4 31. gxf4 Qc5 32. e5 fxe5 33. Bxe5 Qe7 34. Qh5 g6 35. Qg5 Bf5 36. Qxe7 Bxe7 37. h5 Kf7 38. hxg6+ hxg6 39. Kh2 Rd8 40. Rxd8 Bxd8 41. Bf3 Bb1 42. Bd1 Bf6 43. Bd6 Be7 44. Be5 Ke6 45. Kg3 Bd6 46. Bxd6 Kxd6 47. Kf3 Kc5 48. Ke3 Kb4 49. Kd4 Bxa2 0-1

[Event "ESP-chT Rapid"]
[Site "Toledo"]
[Date "2022.09.25"]
[Round "6"]
[White "Martinez Martin, Inigo"]
[Black "Perez Carballo, David"]
[Result "1/2-1/2"]
[WhiteElo "2157"]
[BlackElo "2021"]
[PlyCount "103"]
[EventDate "2022.09.24"]
[EventType "team-swiss (rapid)"]
[EventRounds "9"]
[EventCountry "ESP"]
[SourceTitle "CBM 210 Extra"]
[Source "ChessBase"]
[SourceDate "2022.11.30"]
[SourceVersion "1"]
[SourceVersionDate "2022.11.30"]
[SourceQuality "1"]
[WhiteTeam "San Juan"]
[BlackTeam "Escola Luguesa"]
[WhiteTeamCountry "ESP"]
[BlackTeamCountry "ESP"]

1. c3 Nf6 2. d4 e6 3. Qc2 d5 4. Bg5 Nbd7 5. Nd2 Be7 6. Ngf3 c5 7. e4 cxd4 8. Nxd4 0-0 9. exd5 Nxd5 10. Bxe7 Qxe7 11. Bc4 N7f6 12. 0-0-0 a6 13. Ne4 b5 14. Nxf6+ Nxf6 15. Bd3 Bb7 16. f3 Rfd8 17. Kb1 Rac8 18. Nb3 h6 19. Qe2 Nd5 20. Be4 Qf6 21. Bxd5 Bxd5 22. Rhe1 Bc4 23. Qc2 Rc7 24. Na5 Rcd7 25. Nxc4 bxc4 26. Rxd7 Rxd7 27. Rd1 Qd8 28. Rxd7 Qxd7 29. b3 Qc7 30. h3 g6 31. Kb2 Kg7 32. Qe2 cxb3 33. axb3 Qd6 34. c4 Qd4+ 35. Ka2 e5 36. Qb2 Qc5 37. Qd2 h5 38. Kb2 f5 39. Qd7+ Kh6 40. Qd2+ f4 41. h4 a5 42. Qd8 Qf2+ 43. Ka3 Qc5+ 44. Kb2 Kg7 45. Qd7+ Kf6 46. Qd8+ Kf7 47. Qd7+ Kg8 48. Qd8+ Kh7 49. Qd7+ Kh6 50. Qd8 Kh7 51. Qd7+ Kh6 52. Qd8 1/2-1/2

[Event "Oviedo op 8th"]
[Site "Oviedo"]
[Date "2022.07.22"]
[Round "8"]
[White "Perez Carballo, David"]
[Black "Torres Bosch, Jose Francisco"]
[Result "1/2-1/2"]
[WhiteElo "1997"]
[BlackElo "2188"]
[PlyCount "113"]
[EventDate "2022.07.17"]
[EventType "swiss"]
[EventRounds "9"]
[EventCountry "ESP"]
[SourceTitle "CBM 209 Extra"]
[Source "ChessBase"]
[SourceDate "2022.09.30"]
[SourceVersion "1"]
[SourceVersionDate "2022.09.30"]
[SourceQuality "1"]

1. Nf3 Nf6 2. g3 b5 3. Na3 a6 4. c4 e6 5. b3 bxc4 6. bxc4 c5 7. Bg2 Nc6 8. Ne5 Bb7 9. Nxc6 Bxc6 10. Bxc6 dxc6 11. Qa4 Qc7 12. d3 Bd6 13. Bd2 h5 14. Ba5 Qd7 15. h3 0-0 16. Rb1 e5 17. e4 Bc7 18. Ke2 Rfd8 19. Rb3 Ne8 20. Bd2 Nd6 21. Be3 f5 22. f3 fxe4 23. fxe4 Rf8 24. Nb1 Nb5 25. Nd2 Nd4+ 26. Bxd4 Qxd4 27. Rf1 Rxf1 28. Nxf1 Rf8 29. Ne3 Qd6 30. Nf5 Qf6 31. Qxc6 Ba5 32. Qxf6 Rxf6 33. Rb7 Rf7 34. Rxf7 Kxf7 35. Nh4 Ke6 36. Nf3 Bd8 37. Kd1 g5 38. Ke2 Kf6 39. Nd2 Ba5 40. Nf1 Bd8 41. Ne3 Ba5 42. Kf3 Bd8 43. Nf5 Bc7 44. Ne3 Bd8 45. Nd1 Ba5 46. Nb2 Ke6 47. Na4 Kd6 48. g4 h4 49. Ke3 Kc6 50. Ke2 Kd6 51. Kd1 Kc6 52. Kc2 Be1 53. Nb2 Bf2 54. Na4 Bd4 55. Kb3 Kb7 56. a3 Kc6 57. Kc2 1/2-1/2

[Event "Oviedo op 8th"]
[Site "Oviedo"]
[Date "2022.07.19"]
[Round "4"]
[White "Perez Carballo, David"]
[Black "Luque Saiz, Andres"]
[Result "0-1"]
[WhiteElo "1997"]
[BlackElo "2289"]
[PlyCount "56"]
[EventDate "2022.07.17"]
[EventType "swiss"]
[EventRounds "9"]
[EventCountry "ESP"]
[SourceTitle "CBM 209 Extra"]
[Source "ChessBase"]
[SourceDate "2022.09.30"]
[SourceVersion "1"]
[SourceVersionDate "2022.09.30"]
[SourceQuality "1"]

1. Nf3 d5 2. g3 Nd7 3. d4 Nb6 4. Bg2 Nf6 5. 0-0 Bf5 6. Nbd2 c6 7. Ne5 e6 8. c4 Be7 9. Qb3 0-0 10. Ndf3 dxc4 11. Nxc4 Nxc4 12. Qxc4 Be4 13. Ne5 Bd5 14. Qc3 Bxg2 15. Kxg2 Rc8 16. Rd1 c5 17. Be3 Nd5 18. Qd2 Bf6 19. Nf3 Nxe3+ 20. Qxe3 cxd4 21. Nxd4 Qb6 22. Rd2 g6 23. b3 Rfd8 24. Rad1 Rd5 25. Qe4 Qb4 26. Qf4 Bg5 27. Nc6 Bxf4 28. Nxb4 Rxd2 0-1

[Event "Oviedo op 8th"]
[Site "Oviedo"]
[Date "2022.07.18"]
[Round "2"]
[White "Perez Carballo, David"]
[Black "Gonzalez Laso, Adrian"]
[Result "1/2-1/2"]
[WhiteElo "1997"]
[BlackElo "2294"]
[PlyCount "245"]
[EventDate "2022.07.17"]
[EventType "swiss"]
[EventRounds "9"]
[EventCountry "ESP"]
[SourceTitle "CBM 209 Extra"]
[Source "ChessBase"]
[SourceDate "2022.09.30"]
[SourceVersion "1"]
[SourceVersionDate "2022.09.30"]
[SourceQuality "1"]

1. Nf3 Nf6 2. g3 d5 3. Bg2 Bf5 4. 0-0 e6 5. c4 c6 6. b3 Nbd7 7. Bb2 Be7 8. d3 h6 9. Nbd2 0-0 10. Re1 Bh7 11. a3 a5 12. Bc3 b5 13. Ra2 Qb6 14. Qa1 Rfb8 15. cxd5 cxd5 16. Bd4 Qd8 17. Rc1 Qf8 18. a4 bxa4 19. bxa4 Rc8 20. Rac2 Bb4 21. Nb3 Rxc2 22. Rxc2 Qb8 23. Ne5 Nxe5 24. Bxe5 Bd6 25. Bxd6 Qxd6 26. Qc3 Bg6 27. Nxa5 Qa6 28. Nc6 Qxa4 29. Ne7+ Kh7 30. Nxg6 Kxg6 31. Bf3 Qa1+ 32. Qxa1 Rxa1+ 33. Kg2 Nd7 34. d4 Nb6 35. e3 Kf6 36. Rc6 Rb1 37. Be2 Rb2 38. Bd3 Na4 39. Bc2 Nb6 40. Bd3 Nd7 41. h4 Ke7 42. Ra6 Nb6 43. Ra7+ Nd7 44. Ra6 Nb8 45. Ra7+ Kf6 46. Rc7 Rb6 47. Rc5 Nd7 48. Rb5 Rc6 49. Rb7 Nf8 50. Bb5 Rc8 51. Kf3 Ng6 52. Bd3 Ne7 53. Bb5 Nf5 54. Bd3 Nd6 55. Ra7 Rc3 56. Ke2 Rb3 57. Rc7 Rb2+ 58. Rc2 Rb7 59. Rc6 Ke7 60. Rc5 Kd7 61. f3 Rb4 62. Kd2 Rb2+ 63. Rc2 Rb7 64. Rc5 Ra7 65. Rc2 Ra8 66. Rc5 f5 67. Rc1 Rb8 68. Rc2 g5 69. hxg5 hxg5 70. Ra2 Ke7 71. Ra7+ Kf6 72. Ra6 Rd8 73. Rc6 g4 74. Ke2 Nf7 75. f4 Rh8 76. Ba6 Nd8 77. Rc7 Rh2+ 78. Kf1 Ra2 79. Bc8 Rb2 80. Rd7 Nf7 81. Rc7 Rb6 82. Bd7 Nd6 83. Rc6 Rb1+ 84. Kg2 Ke7 85. Bc8 Rb2+ 86. Kg1 Rb8 87. Rc7+ Kf6 88. Bd7 Rd8 89. Kg2 Ne4 90. Bc8 Rd6 91. Rh7 Rb6 92. Rh6+ Kf7 93. Rh7+ Kg6 94. Re7 Kf6 95. Rh7 Nd6 96. Bd7 Nc4 97. Rh6+ Ke7 98. Rh7+ Kd6 99. Be8 Rb2+ 100. Kg1 Rb1+ 101. Kf2 Rb2+ 102. Kg1 Rb1+ 103. Kf2 Nd2 104. Rd7+ Kc6 105. Re7+ Kb6 106. Rxe6+ Kc7 107. Re5 Ne4+ 108. Kg2 Rb2+ 109. Kg1 Rb1+ 110. Kg2 Nd6 111. Bg6 Rb2+ 112. Kg1 Nc4 113. Bxf5 Nxe5 114. dxe5 Re2 115. Bxg4 Rxe3 116. Kf2 d4 117. Bf3 Kd7 118. Bd5 Rc3 119. g4 Rc5 120. Bb3 Rc3 121. Bd5 Rc5 122. Bb3 Rc3 123. Bd5 1/2-1/2

[Event "Oviedo op 8th"]
[Site "Oviedo"]
[Date "2022.07.17"]
[Round "1"]
[White "Freire Boudon, Carlos"]
[Black "Perez Carballo, David"]
[Result "0-1"]
[WhiteElo "1399"]
[BlackElo "1997"]
[PlyCount "42"]
[EventDate "2022.07.17"]
[EventType "swiss"]
[EventRounds "9"]
[EventCountry "ESP"]
[SourceTitle "CBM 209 Extra"]
[Source "ChessBase"]
[SourceDate "2022.09.30"]
[SourceVersion "1"]
[SourceVersionDate "2022.09.30"]
[SourceQuality "1"]

1. e4 c5 2. c3 Nf6 3. e5 Nd5 4. d4 cxd4 5. cxd4 g6 6. Nf3 Bg7 7. Bc4 Nb6 8. Bb3 0-0 9. Nc3 Nc6 10. 0-0 d6 11. Bf4 Bg4 12. Qd3 dxe5 13. Bg3 exd4 14. Ne4 Nd5 15. Rac1 Bf5 16. Rfe1 Nf6 17. Nfd2 Rc8 18. Qb5 Nxe4 19. Nxe4 Qb6 20. Qe2 Na5 21. Bd1 Rxc1 0-1

[Event "ESP-chT Rapid"]
[Site "Ciudad Real"]
[Date "2021.10.09"]
[Round "1.1"]
[White "Perez Carballo, David"]
[Black "Korobov, Anton"]
[Result "0-1"]
[WhiteElo "2051"]
[BlackElo "2690"]
[PlyCount "119"]
[EventDate "2021.10.09"]
[EventType "team-swiss (rapid)"]
[EventRounds "9"]
[EventCountry "ESP"]
[SourceTitle "CBM 204 Extra"]
[Source "ChessBase"]
[SourceDate "2021.11.30"]
[SourceVersion "1"]
[SourceVersionDate "2021.11.30"]
[SourceQuality "1"]
[WhiteTeam "Escola Luguesa"]
[BlackTeam "Silla Bosch Serinsys"]
[WhiteTeamCountry "ESP"]
[BlackTeamCountry "ESP"]

1. Nf3 Nf6 2. g3 b5 3. Bg2 Bb7 4. 0-0 e6 5. b3 c5 6. Bb2 Be7 7. Na3 b4 8. Nc4 d5 9. Nce5 0-0 10. a3 Ne4 11. d3 Nc3 12. Qe1 f6 13. Ng4 Qc8 14. Ne3 Nd7 15. Nd1 Nb5 16. a4 Nd6 17. Bh3 f5 18. Ne5 Nxe5 19. Bxe5 Nf7 20. Bb2 c4 21. Bg2 c3 22. Bc1 d4 23. e4 e5 24. f4 fxe4 25. Bxe4 Qd7 26. Nf2 Rae8 27. Bxb7 Qxb7 28. Qe4 Qd7 29. f5 Kh8 30. g4 Bh4 31. Kg2 Nd6 32. Qd5 Bxf2 33. Rxf2 Qe7 34. h3 Rd8 35. Qf3 a5 36. Qg3 e4 37. Bf4 e3 38. Re2 Nb7 39. h4 Nc5 40. Bg5 Qb7+ 41. Kh2 Rde8 42. Rf1 Qd5 43. f6 g6 44. f7 Rxf7 45. Rxf7 Qxf7 46. Qd6 Ne6 47. Qe5+ Kg8 48. Qg3 Nxg5 49. hxg5 Rf8 50. Qg2 Qf4+ 51. Qg3 Qxg3+ 52. Kxg3 Rf1 53. Kg2 Rd1 54. Kf3 Rd2 55. Rg2 Rxg2 56. Kxg2 Kf7 57. Kg3 Ke6 58. Kf3 Ke5 59. Kg3 e2 60. Kf2 0-1

[Event "Galicia-ch"]
[Site "Padron"]
[Date "2021.04.03"]
[Round "6"]
[White "Cabanas Lopez, Manuel Anxo"]
[Black "Perez Carballo, David"]
[Result "1/2-1/2"]
[WhiteElo "1790"]
[BlackElo "2032"]
[PlyCount "114"]
[EventDate "2021.04.01"]
[EventType "swiss"]
[EventRounds "8"]
[EventCountry "ESP"]
[SourceTitle "CBM 201 Extra"]
[Source "ChessBase"]
[SourceDate "2021.05.31"]
[SourceVersion "1"]
[SourceVersionDate "2021.05.31"]
[SourceQuality "1"]

1. d4 d5 2. Nf3 Nf6 3. e3 c5 4. c3 e6 5. Bd3 Nbd7 6. Nbd2 Bd6 7. 0-0 0-0 8. Qe2 e5 9. dxe5 Nxe5 10. Nxe5 Bxe5 11. h3 Bc7 12. Re1 Qd6 13. Nf1 Re8 14. Qc2 b6 15. b3 Bb7 16. Bb2 Rad8 17. Rad1 Qc6 18. f3 c4 19. Be2 b5 20. Kh1 Bb6 21. Bc1 cxb3 22. axb3 d4 23. exd4 Bxd4 24. Bxb5 Qxb5 25. Rxe8+ Rxe8 26. cxd4 Re2 27. Qc4 Qe8 28. Bf4 Bd5 29. Qd3 Qe6 30. Be5 Rb2 31. Rb1 Rxb1 32. Qxb1 Nd7 33. Qa1 Qb6 34. Nd2 f6 35. Bg3 Nf8 36. Qa4 h6 37. Bf2 Ne6 38. Qe8+ Kh7 39. Qd7 Qc6 40. Qxc6 Bxc6 41. d5 Bxd5 42. Bxa7 Kg6 43. b4 Nc7 44. Bc5 Kf5 45. Kg1 Nb5 46. Nf1 Ke6 47. Ne3 Bb7 48. Kf2 h5 49. Nc2 g5 50. Nd4+ Nxd4 51. Bxd4 Bc6 52. g3 f5 53. Ke3 Kd5 54. Bf6 g4 55. fxg4 fxg4 56. h4 Kc4 57. Be7 Be8 1/2-1/2

[Event "Galicia-ch"]
[Site "Padron"]
[Date "2021.04.03"]
[Round "5"]
[White "Perez Carballo, David"]
[Black "Villar Perez, Samuel"]
[Result "0-1"]
[WhiteElo "2032"]
[BlackElo "2183"]
[PlyCount "116"]
[EventDate "2021.04.01"]
[EventType "swiss"]
[EventRounds "8"]
[EventCountry "ESP"]
[SourceTitle "CBM 201 Extra"]
[Source "ChessBase"]
[SourceDate "2021.05.31"]
[SourceVersion "1"]
[SourceVersionDate "2021.05.31"]
[SourceQuality "1"]

1. Nf3 Nf6 2. g3 g6 3. b3 Bg7 4. Bb2 d5 5. c4 Bg4 6. Bg2 Bxf3 7. Bxf3 c6 8. 0-0 0-0 9. d3 e6 10. Nd2 Ne8 11. Ba3 Bxa1 12. Qxa1 Qf6 13. Bxf8 Kxf8 14. e3 Qxa1 15. Rxa1 Nd7 16. d4 f5 17. Kf1 a5 18. a3 Nd6 19. Be2 Ke7 20. Rc1 g5 21. c5 Ne4 22. Nxe4 fxe4 23. f4 Rf8 24. Kg2 Rg8 25. Kf2 Nf6 26. h4 gxh4 27. gxh4 Ng4+ 28. Bxg4 Rxg4 29. Rg1 Rxh4 30. Rg7+ Kf6 31. Rxb7 Rh2+ 32. Kf1 Kf5 33. Rg7 h5 34. b4 axb4 35. axb4 h4 36. Rg5+ Kf6 37. Rg2 Rh1+ 38. Rg1 Rh3 39. Kf2 Kf7 40. Rg5 Rf3+ 41. Ke2 Kf6 42. Rh5 h3 43. Rh8 Rg3 44. b5 cxb5 45. c6 Rg2+ 46. Kd1 Rg7 47. Rxh3 Rc7 48. Rh8 Rxc6 49. Rb8 Rc3 50. Kd2 Rd3+ 51. Ke2 Rb3 52. Rb6 Rb2+ 53. Ke1 Kf5 54. Kd1 b4 55. Ke1 b3 56. Kd1 Rb1+ 57. Kd2 b2 58. Kc2 Re1 0-1

[Event "Galicia-ch"]
[Site "Padron"]
[Date "2021.04.01"]
[Round "2"]
[White "Gonzalez Perez, Arian"]
[Black "Perez Carballo, David"]
[Result "1-0"]
[WhiteElo "2481"]
[BlackElo "2032"]
[PlyCount "71"]
[EventDate "2021.04.01"]
[EventType "swiss"]
[EventRounds "8"]
[EventCountry "ESP"]
[SourceTitle "CBM 201 Extra"]
[Source "ChessBase"]
[SourceDate "2021.05.31"]
[SourceVersion "1"]
[SourceVersionDate "2021.05.31"]
[SourceQuality "1"]

1. e4 c5 2. Nf3 e6 3. d3 Nc6 4. g3 d5 5. Qe2 Nf6 6. Bg2 Be7 7. 0-0 0-0 8. e5 Nd7 9. c4 a6 10. Nc3 Nd4 11. Nxd4 cxd4 12. Nb1 Qc7 13. Re1 dxc4 14. dxc4 Rb8 15. Bf4 b5 16. Nd2 Nc5 17. b4 Na4 18. c5 Nc3 19. Qg4 Rd8 20. Ne4 Nxe4 21. Bxe4 Bb7 22. Rad1 a5 23. a3 axb4 24. axb4 Bxe4 25. Rxe4 d3 26. Qf3 Qc6 27. Rxd3 Rd5 28. h4 Rbd8 29. Re1 h6 30. Rxd5 Rxd5 31. Kg2 Qd7 32. Ra1 Rd3 33. Ra8+ Bf8 34. c6 Qd4 35. Rxf8+ Kh7 36. Be3 1-0

[Event "Pontevedra op 7th"]
[Site "Pontevedra"]
[Date "2019.08.13"]
[Round "8"]
[White "Perez Carballo, David"]
[Black "Martins, Manuel Jose Lopes"]
[Result "1-0"]
[WhiteElo "2081"]
[BlackElo "1735"]
[PlyCount "43"]
[EventDate "2019.08.08"]
[EventType "swiss"]
[EventRounds "9"]
[EventCountry "ESP"]
[SourceTitle "EXT 2020"]
[Source "ChessBase"]
[SourceDate "2019.10.17"]
[SourceVersion "1"]
[SourceVersionDate "2019.10.17"]
[SourceQuality "1"]

1. b3 d5 2. Bb2 Nc6 3. e3 e5 4. Bb5 Bd6 5. f4 Qe7 6. Nf3 f6 7. Nc3 Be6 8. 0-0 Nh6 9. fxe5 fxe5 10. e4 d4 11. Nd5 Qd8 12. Nxe5 Qh4 13. Rf4 Qg5 14. Nxc6 Bd7 15. e5 bxc6 16. exd6 cxd5 17. Qe2+ Kd8 18. Bxd7 Kxd7 19. Qb5+ Kd8 20. dxc7+ Kxc7 21. Qc5+ Kd7 22. Rxd4 1-0

[Event "Pontevedra op 7th"]
[Site "Pontevedra"]
[Date "2019.08.10"]
[Round "4"]
[White "Villar Perez, Samuel"]
[Black "Perez Carballo, David"]
[Result "1/2-1/2"]
[WhiteElo "2206"]
[BlackElo "2081"]
[PlyCount "50"]
[EventDate "2019.08.08"]
[EventType "swiss"]
[EventRounds "9"]
[EventCountry "ESP"]
[SourceTitle "EXT 2020"]
[Source "ChessBase"]
[SourceDate "2019.10.17"]
[SourceVersion "1"]
[SourceVersionDate "2019.10.17"]
[SourceQuality "1"]

1. d4 d5 2. c4 dxc4 3. Nf3 Nf6 4. e3 e6 5. Bxc4 c5 6. 0-0 a6 7. Bb3 b5 8. a4 Bb7 9. axb5 axb5 10. Rxa8 Bxa8 11. Nc3 b4 12. Ba4+ Nbd7 13. Nb5 Be7 14. dxc5 0-0 15. c6 Bxc6 16. Nfd4 Bd5 17. Bd2 Nb6 18. Bb3 Ne4 19. Bc1 Qd7 20. f3 Nc5 21. Bxd5 Qxd5 22. e4 Qd7 23. Qe2 Rd8 24. Be3 g6 25. Ra1 Ra8 1/2-1/2

[Event "Pontevedra op-A 6th"]
[Site "Pontevedra"]
[Date "2018.08.12"]
[Round "7"]
[White "Silva, Luis Neves Da"]
[Black "Perez Carballo, David"]
[Result "1-0"]
[WhiteElo "2374"]
[BlackElo "2090"]
[PlyCount "157"]
[EventDate "2018.08.08"]
[EventType "swiss"]
[EventRounds "9"]
[EventCountry "ESP"]
[SourceTitle "EXT 2021"]
[Source "ChessBase"]
[SourceDate "2020.10.23"]
[SourceVersion "1"]
[SourceVersionDate "2020.10.23"]
[SourceQuality "1"]

1. Nf3 c5 2. c4 Nf6 3. Nc3 b6 4. g3 Bb7 5. Bg2 g6 6. 0-0 Bg7 7. d4 cxd4 8. Qxd4 0-0 9. Qh4 Qc7 10. Nb5 Qc6 11. Be3 a6 12. Nc3 Rc8 13. Rfd1 d6 14. Rac1 Qc7 15. Nd5 Nxd5 16. cxd5 Qd8 17. Rxc8 Bxc8 18. Nd4 Bf6 19. Bg5 Nd7 20. Nc6 Qe8 21. Bh3 Bxg5 22. Qxg5 Nf6 23. Bg2 Bb7 24. Qe3 Nxd5 25. Nxe7+ Qxe7 26. Qxe7 Nxe7 27. Bxb7 Ra7 28. Bf3 Rd7 29. e3 Kg7 30. Kf1 Kf6 31. Ke2 Ke5 32. Bg4 f5 33. f4+ Ke6 34. Bf3 Rc7 35. Kd3 Nd5 36. a3 a5 37. e4 Nf6 38. exf5+ Kxf5 39. Re1 Rc5 40. Re7 Rb5 41. Kc2 Rc5+ 42. Kb1 h6 43. Bd1 g5 44. Bc2+ Kg4 45. Re6 Nd5 46. Rxh6 gxf4 47. gxf4 Ne3 48. Bb3 Rb5 49. Ka2 Rh5 50. Rxh5 Kxh5 51. Be6 d5 52. Kb1 d4 53. Kc1 Kg6 54. Kd2 Ng2 55. f5+ Kf6 56. Bd5 Nf4 57. Be4 Ke5 58. Bd3 Nh3 59. Kc2 Nf4 60. h4 Nh5 61. Kb3 Nf4 62. Kc2 Nh5 63. a4 Nf4 64. Kd2 Nh5 65. Bc2 Nf4 66. Bb1 Kf6 67. Bd3 Ke5 68. Kc2 Kf6 69. Be4 Ke5 70. Bf3 Kxf5 71. Kb3 Nd3 72. h5 Nc5+ 73. Ka3 Nd3 74. h6 Nf4 75. h7 Ng6 76. Kb3 Kf4 77. Bh5 Nh8 78. Kc4 Ke3 79. Kb5 1-0

[Event "Pontevedra op-A 6th"]
[Site "Pontevedra"]
[Date "2018.08.10"]
[Round "4"]
[White "Perez Carballo, David"]
[Black "Dionisi, Thomas"]
[Result "0-1"]
[WhiteElo "2090"]
[BlackElo "2403"]
[PlyCount "58"]
[EventDate "2018.08.08"]
[EventType "swiss"]
[EventRounds "9"]
[EventCountry "ESP"]
[SourceTitle "EXT 2021"]
[Source "ChessBase"]
[SourceDate "2020.10.23"]
[SourceVersion "1"]
[SourceVersionDate "2020.10.23"]
[SourceQuality "1"]

1. b3 e5 2. Bb2 Nc6 3. e3 Nf6 4. Nf3 e4 5. Nd4 Nxd4 6. Bxd4 d5 7. c4 dxc4 8. Bxc4 Be7 9. Nc3 0-0 10. Rc1 Bf5 11. d3 exd3 12. 0-0 d2 13. Qxd2 c5 14. Bxf6 Qxd2 15. Bxe7 Rfe8 16. Rfd1 Qb2 17. Nd5 Bc2 18. Re1 Be4 19. Nc3 Bf5 20. Na4 Qxa2 21. Bxc5 b5 22. Ra1 Qc2 23. Rec1 bxc4 24. Rxc2 Bxc2 25. b4 Bxa4 26. Rxa4 a5 27. Kf1 c3 28. Ra1 axb4 29. Rxa8 Rxa8 0-1

[Event "Pontevedra op-A 6th"]
[Site "Pontevedra"]
[Date "2018.08.08"]
[Round "1"]
[White "Horton, Andrew P"]
[Black "Perez Carballo, David"]
[Result "1-0"]
[WhiteElo "2408"]
[BlackElo "2090"]
[PlyCount "63"]
[EventDate "2018.08.08"]
[EventType "swiss"]
[EventRounds "9"]
[EventCountry "ESP"]
[SourceTitle "EXT 2021"]
[Source "ChessBase"]
[SourceDate "2020.10.23"]
[SourceVersion "1"]
[SourceVersionDate "2020.10.23"]
[SourceQuality "1"]

1. Nf3 Nf6 2. c4 b6 3. g3 Bb7 4. Bg2 c5 5. 0-0 g6 6. Nc3 Bg7 7. d4 cxd4 8. Qxd4 0-0 9. Qh4 Qc7 10. Bg5 Rc8 11. b3 d6 12. Rac1 Nbd7 13. Rfd1 a6 14. e4 b5 15. Nd5 Bxd5 16. exd5 Qb7 17. Nd4 bxc4 18. bxc4 Ne5 19. Nc6 Nxc6 20. dxc6 Rxc6 21. Bxc6 Qxc6 22. Re1 Ra7 23. Rb1 Rb7 24. Rxb7 Qxb7 25. Qd4 h6 26. Bd2 Nd7 27. Qd5 Qb2 28. Rxe7 Ne5 29. Bf4 Qb1+ 30. Kg2 Qf5 31. Bxe5 dxe5 32. Qf3 1-0